| 000 | 00596nam a2200205Ia 4500 | ||
|---|---|---|---|
| 008 | 140626s9999 xx 000 0 und d | ||
| 100 | _aBruner, Allison. | ||
| 245 |
_aDiagnosing skin lesions : _bclinical considerations for primary care practitioners / _cAllison Bruner ... [et al.]. |
||
| 260 | _cc2012. | ||
| 300 | _a8 : 8, page 600 | ||
| 440 | _aThe Journal for Nurse Practitioners (JNP) | ||
| 521 | _aNUR | ||
| 650 | _aDermatology. | ||
| 650 | _aDiagnosis. | ||
| 650 | _aPrimary care. | ||
| 650 | _aReferral. | ||
| 650 | _aSkin cancer. | ||
| 650 | _aSkin lesions. | ||
| 942 | _cSE | ||
| 999 |
_c121431 _d121431 |
||